| 000 | 00673nam a2200229 a 4500 | ||
|---|---|---|---|
| 001 | 000041799 | ||
| 005 | 20201002035748.0 | ||
| 008 | 131017s1996 sp 000 0 spa d | ||
| 020 | _a8400068742 (v.4) | ||
| 020 | _a8400070135 (v.5) | ||
| 020 | _a8400073150 (v.6) | ||
| 020 | _a8400074513 (v.7) | ||
| 020 | _a02132257 (v. 8) | ||
| 040 |
_aDO-SdBNP _bspa _cBNPHU |
||
| 041 | 1 | 7 |
_aspa _bcat. |
| 245 | 0 | 0 | _aMiscel·lánia de textos medievals /. |
| 260 |
_aBarcelona : _bCSIC, _c1996. |
||
| 300 |
_av. ; _c24 cm. |
||
| 500 | _aLa biblioteca posee el v. 4-7 | ||
| 546 | _aTextos en catalan y español | ||
| 710 | 2 |
_aConsejo Superior de Investigaciones Científicas _94786 |
|
| 999 |
_c41288 _d41288 |
||